Größte Länder nach Fläche oder Bevölkerung - Statistiken

Allgemein
  • Dieses Quiz wurde 355 mal gespielt
  • Das Durchschnittsergebnis liegt bei 27 aus 31
Antwortstatistiken
Land % Korrekt
Russland
100%
China
99%
Indien
99%
Vereinigte Staaten
99%
Brasilien
98%
Kanada
98%
Deutschland
97%
Mexiko
97%
Argentinien
96%
Australien
95%
Indonesien
94%
Algerien
93%
Japan
93%
Kasachstan
92%
Ägypten
90%
Nigeria
88%
Iran
87%
Mongolei
87%
Pakistan
87%
Saudi-Arabien
87%
Türkei
84%
Sudan
82%
Bangladesch
81%
D R Kongo
77%
Tschad
76%
Äthiopien
75%
Libyen
75%
Peru
74%
Vietnam
70%
Thailand
69%
Philippinen
66%
Keine übereinstimmenden Quizze gefunden
Verteilung der Resultate
Anzahl Personen mit jedem Resultat
Perzentil nach korrekt beantworteten Fragen
Ihre Resultats-Entwicklung
Sie haben dieses Quiz noch nicht gespielt